Click The Roblox DOORS Entities - Statistics

General Stats
  • This quiz has been taken 219 times
  • The average score is 16 of 34
Answer Stats
Hint Answer % Correct
Spikes on the ground Snare
60%
Always appear in Door 52, chats with the player El Goblino
59%
Creates a shimmering sound around important items Guiding Light
59%
Tricks the player by hiding behind fake doors Dupe
57%
Highlights the correct doors during a chase scene Guiding Light
57%
Don't stay in a closet for too long Hide
57%
Cannot see, found in the Library Figure
56%
Sells useful items in a special room Jeff
56%
Appears twice, chases the player Seek
53%
Goes back and forth, loud high-pitched sound Ambush
52%
Made of bones, found with 2 other entities Bob
52%
Yellow sparkles, has a somber soundtrack Curious Light
52%
Loud footsteps, lanky arms Figure
48%
An OST is named after it, Door 52 Jeff
48%
Eyes on the walls and in paintings Seek
48%
Found in the Rooms, emits a red glow A-60
47%
Causes the player and number plate to fall on the ground Dupe
47%
Helps the player by providing useful tips Guiding Light
47%
Hides inside containers Timothy
47%
Appears in a narrow hallway, ghostly figure Halt
46%
Appears in closets, very loud Jack
46%
Extraordinarily rare, can be found outside Window
46%
A cluster of eyes, surrounded by a black outline Eyes
45%
Encountered when straying too far from other players Void
45%
Large circular mouth, with pointed teeth Figure
44%
Flickering lights followed by a deep rumble Rush
44%
Found exclusively in the Greenhouse Snare
43%
Commonly encountered, lights break after leaving Rush
42%
Six tentacles, made of black goo Screech
41%
Appears for a brief moment, rare, indoors Shadow
36%
Unknown official name, glowing eyes and smile Window
35%
Detects movement, damages the player significantly A-90
34%
Soft metallic clanks, appears from the next door A-120
27%
Causes the player to freeze for a few seconds Glitch
11%
No matching quizzes found
Score Distribution
Percent of People with Each Score
Percentile by Number Answered
Your Score History
You have not taken this quiz